Statistics for British towns and cities by superlative

Click here to take the quiz!

General Stats

  • This quiz has been taken 45 times
  • The average score is 2 of 11

Answer Stats

HintAnswer% Correct
Largest cityLondon
100%
Smallest citySt David's
56%
Rainiest cityCardiff
21%
City with the highest church spireSalisbury
19%
Town with most bookshopsHay-on-Wye
16%
Southernmost townTruro
14%
Village with longest place-nameLlanfairirpwllgwyngyllgogerychwyrndrobwllllantysiliogogogoch
9%
Highest villageFlash
0%
Lowest villageHolme
0%
Furthest village from the seaCoton in the Elms
0%
Westernmost villageBelleek
0%

Score Distribution

Percentile by Number Answered

Percent of People with Each Score

Your Score History

You have not taken this quiz